000 00300nam a2200109Ia 4500
008 220204s9999 xx 000 0 und d
082 _a339.732
_bMON
100 _aMONROE, W F
245 0 _aInternational monetary reconstruction problems and issues
260 _aToronto
_bHeath & Co
_c1974
942 _cBK
999 _c37112
_d37112